Città sopra o sotto il Tropico del Cancro? - Quiz n°4 - Statistics

Statistiche generali
  • Questo quiz è stato fatto 5 volte
  • Il punteggio medio è 7 su 10
Statistiche sulle risposte
Hint Risposta % Corretto
Istanbul Nord del Tropico del Cancro
100%
Dallas Nord del Tropico del Cancro
100%
Taipei Nord del Tropico del Cancro
80%
Banjul Sud del Tropico del Cancro
80%
Gedda Sud del Tropico del Cancro
80%
Il Cairo Nord del Tropico del Cancro
60%
L'Avana Sud del Tropico del Cancro
60%
Hanoi Sud del Tropico del Cancro
60%
Erevan Nord del Tropico del Cancro
40%
Doha Nord del Tropico del Cancro
20%
Nessun quiz corrispondente trovato
Distribuzione punteggi
Percentuale di utenti per punteggio
Percentile per numero di risposta
I tuoi punteggi nel tempo
Non hai fatto questo quiz